000 00298nam a22001337a 4500
008 171005b xxu||||| |||| 00| 0 eng d
020 _a9780767928052
041 _aeng
080 _a159.9
100 _a49
101 _aPSI
245 _aWHY WE MAKE MISTAKES
_cHALLINAN.J.T
942 _2udc
_cBK
999 _c31941
_d31941